[Event "Hoogovens"]
[Site "Wijk aan Zee"]
[Date "1999.01.29"]
[Round "11"]
[White "Sokolov, Ivan"]
[Black "Yermolinsky, Alex"]
[Result "1-0"]
[WhiteElo "2610"]
[BlackElo "2597"]
[Annotator "Hansen,Cu"]
[PlyCount "63"]
[EventDate "1999.01.16"]
[EventType "tourn"]
[EventRounds "13"]
[EventCountry "NED"]
[EventCategory "17"]
[SourceTitle "CBM 069"]
[Source "ChessBase"]
[SourceDate "1999.04.01"]
[SourceVersion "1"]
[SourceVersionDate "1999.04.01"]
[SourceQuality "1"]

1. d4 {Donev} Nf6 2. c4 e6 3. Nc3 d5 4. Bg5 Be7 5. Nf3 O-O 6. Qc2 Ne4 {'?!'
Donev. Donev: 'Die Lasker-Variante ist in dieser Situation (ohne die übliche
Einschaltung von... h6) weniger empfehlenswert.'} 7. Bxe7 Qxe7 8. e3 Nxc3 9.
Qxc3 c6 10. Bd3 Nd7 11. O-O dxc4 12. Qxc4 {[%csl Rc8] '!' Donev.} ({Wie die
Praxis gezeigt kann der Nachziehende nach} 12. Bxc4 {ausgleichen.} b6 13. e4
Bb7 14. Rad1 c5 15. d5 exd5 16. exd5 Qd6 17. Rfe1 Rae8 18. Ng5 Rxe1+ 19. Rxe1
Nf6 20. Ne4 Nxe4 21. Rxe4 g6 22. Re5 Rd8 23. Qe3 a6 24. a4 b5 25. axb5 axb5 26.
Bxb5 Bxd5 27. h4 c4 28. Re8+ Rxe8 29. Qxe8+ Kg7 {1/2-1/2 Lilienthal,A-Frydman,
P/Ujpest 1934/HCL (29)}) 12... e5 {[%csl Ya1,Yd3][%cal Yc8h3]} 13. Qc2 h6 {
This type of position is typical for the Queens Gambit declined. In the old
main line - where black plays Capablancas exchange manouvre Nf6-d5xc3 and
e6-e5 - the difference would be whites Ral which would be on c3 and whites Bd3
which would be on c4.} 14. Rae1 {[%cal Yf3e5] Obviously white would like to
get the e-<-> opened for this R and somewhat strange black gives white what he
wants. However the textmove also has other ideas. White intends to get his e
and f-Ps rolling with 15.Nxe5 Nxe5 16.dxe5 Qxe5 17.f4. 17. f4 would only be
possible because the R on e1 protects e3.} (14. Rad1 {Donev} Re8 15. Bh7+ Kh8
16. Bf5 e4 17. Bxd7 Bxd7 18. Ne5 $14) 14... exd4 (14... Rd8 $5 15. Nxe5 Nxe5
16. dxe5 Qxe5 17. f4 Qf6 18. e4 $4 Qd4+) (14... Re8 {Donev} 15. Bh7+ Kh8 16.
Be4 exd4 17. exd4 $14) 15. exd4 {[%mdl 16] '+/=!' Donev. Donev: 'Weiß
entscheidet sich mit einem isolierten Damenbauer zu spielen. Man muß auch
erkennen, dass der Anziehende Entwicklungvorsprung hat, mit Tempo die offene
e-Linie bekommt, und der weiße Springer den ausgezeichnete Vorposten e5 zur
Verfügung hat.'} Qd6 (15... Qd8 $6 {Probably unessary passive since the queen
does not have to control g5 with h7-h6 stopping Nf3-g5. Still after} 16. Bc4
Nb6 17. Bb3 Nd5 {[%cal Yc8e6] Black might be ok though h7-h6 can become a
weakness in connection with Nf3-e5 and Qc2-d3, Bb3-c2.}) 16. Bc4 {Again it is
interesting to compare to the above mentioned classical line - since the white
B ended up on c4 anyway. Whites Rs in the Capablanca-exchange line would be on
c3 and e1. Blacks h-P on h7. In that classical line black practically never
puts his Q on d6 but this is because Nf3-g5 - with pressure against f7 and h7
- is strong. With the extramove h7-h6 black can place his Q actively on d6.}
Nf6 $2 {Until now I believe black made good use of the small diffences in
position compared to the classical line. The textmove however gives white to
much control over the /^ a2-g8. Why not play the wellknown manouvre:} (16...
Nb6 $1 17. Bb3 Nd5 {[%cal Yc8e6]} (17... Be6 $5 18. Bxe6 fxe6 {[%cal Yf8f6]} (
18... fxe6 {Donev} 19. Re4 {/\Rfe1})) 18. Qd3 (18. Qe4 Be6 19. Bc2 Nf6) 18...
Be6 19. Bc2 (19. Ne5 Nb4 $11) 19... Nf6 (19... g6 $5)) 17. Ne5 {'!' Donev.} Nd5
({Der Bauer d4 ist vergiftet:} 17... Qxd4 {Donev} 18. Nxf7 $1 Rxf7 19. Rd1 Qb6
(19... Qe5 20. Rd8+ Ne8 21. Qb3 $18) 20. Rd6 $1 {ist gegen Nd5 gerichtet.} Qc7
21. Rxf6 $1 gxf6 22. Qg6+ Kf8 23. Qxh6+ Kg8 (23... Ke8 24. Re1+ Re7 25. Qh8+
Kd7 26. Rd1+ $18) 24. Qg6+ Kf8 25. Rd1 $18) 18. Qb3 {[%cal Yb3d5,Yb3b7,Yb3f7]}
Rd8 19. f4 $1 {[%csl Rc8][%cal Yf4f5] May be this was the move black
underestimated. Now white threatens f4-f5 taking away the square e6 from Bc8.}
b5 (19... Rb8 20. f5 Bd7 21. f6 $1 $40) 20. Bxd5 Qxd5 21. Qxd5 Rxd5 (21... cxd5
22. Rc1 $16 (22. Nc6 {Donev} Rd7 (22... Rf8 23. Ne7+ Kh8 24. Nxd5 $18) 23. Re8+
Kh7 24. Rc1 $18 Bb7 25. Nb8 Rd6)) 22. Nxc6 Kf8 {[%csl Rd4] Black gave white a
pawn to relieve some of the pressure. He has some drawing chances because of
whites slightly weak d4-P} 23. Re5 Rd6 24. Rc5 Bd7 25. d5 {[%cal Yc6e5,Yc6a5]}
Bxc6 26. dxc6 a6 27. c7 Rc8 28. b3 Ke7 29. Rfc1 Rd2 (29... Kd7 $5 30. R1c2 $16)
30. Kf1 Rxa2 $4 {'?' Donev.} (30... Kd7 $142 {Donev} 31. Ke1 Rd6 (31... Rxg2 $2
32. Rd1+ Ke7 33. Re5+ {nebst Matt!}) 32. Ke2 Re8+ 33. Kf1 Rc8 {hätte Weiß
nicht so leicht gewonnen.}) 31. Rd5 {[%cal Rc1e1] now the threat of forcing
the black K away from the c7-P wins by force. Black cannot stop: 32.Re1+ Kf6
33.Rd6+ Kf5 34.Rc1 and 35.Rd8} g5 32. f5 1-0

[Event "Lee Cup 4th"]
[Site "Beijing"]
[Date "1997.09.02"]
[Round "9"]
[White "Alterman, Boris"]
[Black "Liang, Jinrong"]
[Result "1-0"]
[WhiteElo "2615"]
[BlackElo "2425"]
[Annotator "Hecht,H"]
[PlyCount "107"]
[EventDate "1997.08.23"]
[EventType "swiss"]
[EventRounds "11"]
[EventCountry "CHN"]
[SourceTitle "CBM 061"]
[Source "ChessBase"]
[SourceDate "1997.11.23"]
[SourceVersion "1"]
[SourceVersionDate "1997.11.23"]
[SourceQuality "1"]

1. d4 d5 2. c4 e6 3. Nc3 Be7 4. Nf3 Nf6 5. Bg5 h6 6. Bxf6 Bxf6 7. e3 O-O 8. Qd2
c6 9. h4 Nd7 (9... h5 10. O-O-O a5 11. e4 dxc4 12. e5 Be7 13. Bxc4 b5 14. Bd3
Bb7 15. Qf4 Qc7 16. g4 c5 17. Rhg1 cxd4 18. gxh5 Bxf3 19. Rxg7+ {1-0 Bagonyai,
A-Stiemer,S/Balatonbereny op 1993/EXT 93op}) (9... g6 10. g4 Bg7 11. g5 h5 12.
O-O-O Nd7 13. Kb1 Rb8 14. cxd5 exd5 15. b3 Re8 16. Bh3 Nb6 17. Ne1 a5 18. a4
Bxh3 19. Rxh3 Nc8 20. Nd3 {1/2-1/2 Browne,W-Liang Jinrong/Thessaloniki olm
1984/BIG 80}) 10. O-O-O (10. g4 Be7 (10... g6 11. g5 hxg5 12. hxg5 Bg7 13.
O-O-O b5 14. cxb5 cxb5 15. Bxb5 Rb8 16. Bxd7 Bxd7 17. Ne5 Qc7 18. f4 Ba4 19.
Rdg1 Rfc8 20. Rg3 Qa5 21. Nd3 Bb3 22. a3 Bc4 23. Ne5 Ba2 24. Rgh3 Rb3 25. e4
dxe4 26. Kd1 Rc7 27. d5 exd5 28. Qh2 Kf8 29. f5 gxf5 30. g6 Rcxc3 31. bxc3 Rb1+
32. Kd2 Rb2+ 33. Kd1 Qa4+ 34. Ke1 Rxh2 {0-1 Psakhis,L-Boensch,U/Lvov 1984/MCL
01}) 11. O-O-O (11. g5 hxg5 12. hxg5 Bxg5 13. Nxg5 Qxg5 14. O-O-O f5 15. f4 Qf6
16. Qh2 Kf7 17. Be2 Rg8 18. Rdg1 Nf8 19. Rg5 Bd7 20. Kb1 Be8 21. Nd1 Ke7 22.
Nf2 Nd7 23. cxd5 cxd5 24. Rc1 Kf8 25. Rc7 Rb8 26. Qg1 Nb6 27. Nh3 Bc6 28. Rg6
Qh4 29. Rgxg7 Rh8 30. Ng5 Qh6 31. Rcf7+ Ke8 32. Re7+ {1-0 Finegold,G-Vujosevic,
S/Novi Sad olw 1990/EXT 90}) 11... g6 12. cxd5 cxd5 13. Bd3 Kg7 14. Kb1 b6 15.
e4 dxe4 16. Bxe4 Rb8 17. g5 h5 18. d5 exd5 19. Nxd5 Nc5 20. Qc3+ Kh7 21. Bc2
Be6 22. Nf4 Qc8 23. Nxh5 {1-0 Polugaevsky,L-Hansen,C/EU-chT Plovdiv 1983/EU-chT
}) 10... g6 11. h5 g5 12. Kb1 Bg7 13. Bd3 dxc4 14. Bxc4 c5 15. Qc2 cxd4 16.
Nxd4 Qe7 17. f4 Nb6 18. Bb3 e5 19. Nf5 Bxf5 20. Qxf5 exf4 21. exf4 gxf4 22.
Qxf4 Rad8 23. Rxd8 Rxd8 24. Rf1 Rf8 25. Qe4 Nc8 26. Qxe7 Nxe7 27. Ne4 Nc6 28.
Nd6 Nd8 29. Rd1 Bf6 30. Ne4 Kg7 31. Rd7 Re8 32. Bd5 a5 33. a4 Be7 34. g4 Nc6
35. Ng3 Nb4 36. Nf5+ Kf6 37. Nxe7 Rxe7 38. Rxe7 Kxe7 39. Bxb7 {[#] As the
course of the game shows, Black has to maintain his pawn on a5. For this
reason, I suggest the construction of a defensive line which should make the
5th-rank unpassable and should also prevent a pawn breakthrough. [#] Wie der
Partieverlauf zeigt, muß Schwarz versuchen, den Ba5 zu behaupten. Deshalb
schlage ich den Bau einer Verteidigungslinie auf, die die 5.Reihe unpassierbar
machen soll und auch jeden Bauerndurchbruch verhindern soll.} Kf6 $6 (39... f6
$142 $5 {[%csl Yc4,Yd4,Yd5,Ye5,Yf5,Yg5][%cal Ye7d6,Yd6c5,Yb4d3,Yd3e5,Ye5f7,
Yf7d6] with the attempt to construct a blockade. For this, the king belongs on
c5, the knight on d6 and first of all, the pawn on f6. mit dem Versuch eine
Blockade aufzubauen. Dazu gehört der König nach c5, der Springer nach d6 und
der Bauer zuallererst nach f6.} 40. Kc1 (40. Be4 Kd6 41. Kc1 Ke5) 40... Nd3+
41. Kc2 Ne5 42. Bc8 (42. b4 $5 axb4 43. Kb3 Nxg4 44. Kxb4 Kd6 {[%cal Yg4e5,
Yf6f5,Yf5f4,Yf4f3,Yd6c7]}) 42... Kd6 43. Kc3 (43. Kd2 Kc5 44. Ke3 Nf7 45. Be6
Nd6) 43... Kc5 44. Be6 Kd6 45. Bf5 Kc5 {[%cal Ye5f7,Yf7d6] Please check for
yourself if a blockade is actually possible. Prüfen Sie bitte, ob tatsächlich
eine Festung vorliegt}) 40. Kc1 Nd3+ 41. Kc2 Nc5 42. Bc6 Kg5 43. Kc3 Kxg4 44.
Kc4 Na6 45. Kb5 Nb4 46. Bd7+ f5 47. Kxa5 Nd3 48. Kb5 Ne5 49. Bxf5+ {Easier
looks einfacher erscheint} (49. Bc8 Nf7 50. Kb6 Nd6 51. Be6 $18) 49... Kxf5 50.
a5 Nf7 51. a6 Nd6+ 52. Kc6 Nc8 53. Kb7 Nd6+ 54. Kb8 1-0

[Event "Excelsior Cup"]
[Site "Gothenburg"]
[Date "1999.01.09"]
[Round "3"]
[White "Hillarp Persson, Tiger"]
[Black "Astrom, Robert"]
[Result "1-0"]
[WhiteElo "2482"]
[BlackElo "2462"]
[Annotator "Hecht,H"]
[PlyCount "81"]
[EventDate "1999.01.07"]
[EventType "tourn"]
[EventRounds "9"]
[EventCountry "SWE"]
[EventCategory "10"]
[SourceTitle "CBM 069"]
[Source "ChessBase"]
[SourceDate "1999.04.01"]
[SourceVersion "1"]
[SourceVersionDate "1999.04.01"]
[SourceQuality "1"]

1. d4 d5 2. c4 e6 3. Nf3 Nf6 4. Nc3 Be7 5. Bg5 h6 6. Bxf6 Bxf6 7. e3 O-O 8. Qd2
Nc6 9. Rc1 dxc4 10. Bxc4 e5 11. d5 Ne7 12. Ne4 Bg4 13. Nxf6+ gxf6 14. Nh4 Kg7
15. h3 Bd7 16. Nf3 a5 17. O-O Nc8 18. e4 Nd6 19. Qe3 Qe7 20. Rfe1 Rfc8 21. Nd2
c5 22. dxc6 Rxc6 23. Bd5 Rxc1 24. Rxc1 Rc8 25. Rxc8 Bxc8 26. Qc5 Qd8 27. Nf1 b6
28. Qe3 Be6 29. Ng3 Kg6 30. Qf3 Bxd5 31. Qg4+ Kh7 32. exd5 Qc7 33. Kh2 Qc4 34.
Qxc4 Nxc4 35. Ne4 Kg7 36. b3 f5 37. bxc4 fxe4 {[#] Ideeller weißer Mehrbauer}
38. g4 $1 a4 (38... Kg6 39. Kg2 f5 40. d6 Kf6 41. gxf5 $18) 39. Kg2 Kf6 40. Kf1
Ke7 41. Ke2 {[%csl Re4]} 1-0

[Event "Zagreb/ Rijeka"]
[Site "Zagreb/ Rijeka"]
[Date "1985.05.02"]
[Round "10"]
[White "Timman, Jan H"]
[Black "Lobron, Eric"]
[Result "1-0"]
[WhiteElo "2650"]
[BlackElo "2505"]
[Annotator "Kharitonov,A"]
[PlyCount "71"]
[EventDate "1985.04.21"]
[EventType "tourn"]
[EventRounds "15"]
[EventCountry "CRO"]
[EventCategory "11"]
[SourceTitle "MCL"]
[Source "ChessBase"]
[SourceDate "1999.07.01"]
[SourceVersion "1"]
[SourceVersionDate "1999.07.01"]
[SourceQuality "1"]

1. d4 d5 2. c4 e6 3. Nc3 Nf6 4. Bg5 Be7 5. e3 O-O 6. Nf3 h6 7. Bxf6 Bxf6 8. Qc2
Nc6 (8... Na6 9. Rd1 c5 10. dxc5 Qa5 11. cxd5 Nxc5 12. Qd2 Rd8 13. Nd4 exd5 14.
Be2 Qb6 15. O-O Ne4 16. Qc2 Nxc3 17. Qxc3 $14 {Karpov,A-Kasparov,G (04)/Wch/
1985/1:0/63/}) (8... c5 $5 9. dxc5 dxc4 (9... Nc6 10. Be2 Qa5 11. O-O Qxc5 12.
Rfd1 b6 13. Rac1 Bxc3 14. Qxc3 Ba6 15. a3 dxc4 16. Bxc4 Qxc4 17. Qxc4 Bxc4 18.
Rxc4 Rfd8 $10 {Timman,J-Beliavsky,A/Tilburg/1984/0,5 (28)/}) 10. Bxc4 Qa5 11.
O-O Bxc3 12. Qxc3 Qxc3 13. bxc3 Nd7 14. c6 bxc6 15. Rab1 Nb6 16. Be2 c5 17.
Rfc1 Bb7 (17... Bd7 $142 18. Ne5 Ba4 $10) 18. Kf1 Bd5 19. Rb5 Nd7 20. Ra5 $14 {
Karpov,An-Kasparov,G (25)/Wch/1984/1:0/59/}) 9. a3 a6 10. Rc1 (10. Rd1 $5)
10... Re8 11. Be2 dxc4 12. Bxc4 e5 13. d5 Ne7 14. O-O Bf5 $2 (14... c6 15. dxc6
Nxc6 16. Rfd1 $16) (14... Nf5 $5 15. Ne4 Nd6 16. Nxf6+ Qxf6 $13) 15. Bd3 (15.
Ne4 Nc8 $13) (15. e4 Bg4 {/\Nc8-d6 /}) 15... Bg4 (15... Bxd3 16. Qxd3 Nc8 17.
Ne4 Nd6 18. Nfd2 $16) 16. Rfd1 Bxf3 (16... Nc8 17. Ne4 $16) 17. gxf3 Kh8 (17...
g6 18. Ne4 Nxd5 (18... Bg7 19. Qb3) 19. Bc4 c6 20. Bxd5 cxd5 21. Rxd5 Qe7 22.
Rd7 Qe6 23. Rd6 $18) 18. Qb3 Rb8 19. Ne4 Nf5 (19... Nxd5 20. Bc4 c6 21. Bxd5
cxd5 22. Rxd5 Qe7 23. Rcd1 $16) 20. d6 $1 cxd6 (20... Nxd6 21. Nxd6 cxd6 22.
Qxf7 Bh4 23. Be4 $1 Qg5+ 24. Kf1 Rf8 25. Qc7 $16) 21. Qxf7 Rf8 (21... Nh4 22.
Be2 Be7 23. Qh5 $16) 22. Qe6 g6 (22... Nh4 23. Be2 Be7 24. Nxd6 Bxd6 25. Rxd6
Qg5+ 26. Qg4 Nxf3+ 27. Bxf3 Rxf3 28. Qxg5 hxg5 29. Re6 Rbf8 30. Rc2 R3f5 31.
Re7 R8f7 32. Rxf7 Rxf7 33. Rc5 Re7 34. Kg2 $16) 23. Kh1 (23. Be2 Qe7 24. Qxe7
Bxe7 25. Rc7 $16) 23... Qe7 24. Qxe7 Bxe7 25. Rc7 $16 Rfc8 26. Rdc1 Rxc7 27.
Rxc7 d5 (27... Bd8 28. Rd7 Rc8 29. Nxd6 Rc1+ 30. Kg2 Nh4+ 31. Kh3 $18) 28. Ng3
Bd8 29. Rd7 Ne7 $2 (29... Nh4 $5 30. Rxd5 Rc8 31. Be2 Bf6 32. Ne4 Rc1+ 33. Rd1
Rxd1+ 34. Bxd1 Be7 $16) 30. Bc2 $22 $18 h5 31. Ne2 d4 (31... Rc8 32. Bb3 $18)
32. exd4 exd4 33. Nf4 (33. Nxd4 $5 $18) 33... Rc8 34. Be4 h4 35. Kg2 (35. Nxg6+
Nxg6 36. Bxg6 h3 $19) 35... d3 36. Bxd3 (36. Bxd3 g5 37. Ne6 Nc6 38. Rxb7 $18)
1-0

[Event "Linares-03"]
[Site "Linares"]
[Date "1981.01.20"]
[Round "3"]
[White "Christiansen, Larry Mark"]
[Black "Gligoric, Svetozar"]
[Result "1-0"]
[WhiteElo "2515"]
[BlackElo "2530"]
[Annotator "Kharitonov,A"]
[PlyCount "83"]
[EventDate "1981.01.17"]
[EventType "tourn"]
[EventRounds "11"]
[EventCountry "ESP"]
[EventCategory "13"]
[SourceTitle "MCL"]
[Source "ChessBase"]
[SourceDate "1999.07.01"]
[SourceVersion "1"]
[SourceVersionDate "1999.07.01"]
[SourceQuality "1"]

1. d4 Nf6 2. c4 e6 3. Nf3 d5 4. Nc3 Be7 5. Bg5 O-O 6. e3 h6 7. Bxf6 Bxf6 8. Rc1
c6 9. Bd3 Nd7 10. O-O dxc4 11. Bxc4 e5 12. Bb3 (12. h3 exd4 13. exd4 Nb6 14.
Bb3 Bf5 15. Re1 a5 16. a3 Re8 17. g4 $5 Bg6 (17... Be6 18. Bxe6 Rxe6 19. Rxe6
fxe6 20. Ne4 $14) 18. Rxe8+ Qxe8 19. Qd2 Qd7 20. Qf4 a4 21. Ba2 Rd8 22. Re1 $14
{Savchenko,S-Klovan,J/Riga/1988/1:0 (34)/} Bg5) 12... exd4 13. exd4 Nb6 $6 (
13... Re8 14. Re1 (14. h3 Nf8 $1 $10 (14... Nb6 15. Re1 Bf5 16. Rxe8+ Qxe8 17.
Qd2 Qd7 18. Re1 Qd6 19. Ne5 $36 {Gligoric,S-Hansen,C/Plovdiv/1983/1:0 (47) Inf
35/540/})) (14. Qd2 Nf8 $1 15. d5 Ng6 16. Rfe1 (16. dxc6 Qxd2 17. Nxd2 bxc6 $10
) 16... Rxe1+ 17. Rxe1 Bg4 18. Nd4 $6 (18. dxc6 $10) 18... c5 $1 19. Nc2 Be5
$17 {Novikov,I-Kharitonov,A/Vilnius/1984/0,5 (39)/}) 14... Nf8 15. Rxe8 Qxe8
16. Qd2 Be6 $10) 14. Ne5 $1 Nd5 $2 (14... Be6 15. Bxe6 fxe6 16. Re1 Re8 $14) (
14... Be6 15. Bxe6 fxe6 16. Re1 Re8 $14) (14... Bxe5 15. dxe5 Qe7 (15... Qxd1
$6 16. Rcxd1 Bf5 17. Ne2 c5 18. Ng3 $16) 16. Qh5 Be6 17. Ne4 $16) 15. Nxd5 cxd5
16. Qd3 g6 (16... a6 $2 17. Rc5 Be6 18. Bc2 Re8 (18... g6 19. Nxg6 fxg6 20.
Qxg6+ $18) 19. Qh7+ Kf8 20. Ba4 $18) (16... Bxe5 17. dxe5 Be6 18. Qd4 $16) 17.
Rfe1 Bf5 (17... a6 18. Qf3 Be6 19. Nxg6 fxg6 20. Rxe6 Bg5 21. Rxg6+ Kh8 (21...
Kh7 22. Qd3 Bxc1 23. Rd6+ $18) 22. Qd1 Bxc1 23. Qxc1 $18) 18. Qb5 Bg5 19. Rc5
$16 b6 20. Rxd5 Qe8 21. Qf1 $1 Qc8 (21... Be6 22. Nxg6 fxg6 23. Rxe6 Qxe6 24.
Re5 $18) 22. Rd6 Kg7 (22... Be7 23. Rc6 Qb7 24. Nxg6 $18) 23. f4 Be7 24. Rc6
Qd8 25. Qf2 Bh4 26. g3 Bf6 27. Rd1 Rc8 28. Rxc8 Qxc8 29. d5 Bg4 30. Re1 Bh3 $6
(30... Rd8 $142 31. Qd2 Qc5+ 32. Kg2 Be6 33. Rd1 $16) 31. d6 $18 Qb7 32. Rd1 b5
33. Bd5 Qa6 34. Bg2 $1 Be6 (34... Bxg2 35. Kxg2 Rd8 (35... Bxe5 36. fxe5 Qxa2
37. d7 Qa5 38. Qf6+ $18) (35... Qxa2 36. Nd7 Rd8 37. Nxf6 Kxf6 38. Qd4+ $18)
36. Qc5 $1 Qxa2 37. Qxb5 $18) 35. a3 Bd8 36. Kh1 Bb6 37. Qe2 Qa4 38. Bd5 Bh3 (
38... Bxd5+ 39. Rxd5 Rd8 40. d7 $18) 39. Nxf7 $1 Rxf7 40. b3 Qxa3 41. Qe5+ Kh7
(41... Rf6 42. Qe7+ $18) (41... Kg8 42. Qe8+ $18) (41... Kf8 42. Qh8#) 42. Bxf7
1-0

[Event "Candidates sf"]
[Site "Elista"]
[Date "2007.05.27"]
[Round "1.1"]
[White "Gelfand, Boris"]
[Black "Kasimdzhanov, Rustam"]
[Result "1/2-1/2"]
[WhiteElo "2733"]
[BlackElo "2677"]
[Annotator "Krasenkow,M"]
[PlyCount "93"]
[EventDate "2007.05.27"]
[EventType "k.o."]
[EventRounds "12"]
[EventCountry "RUS"]
[SourceTitle "CBM 119"]
[Source "ChessBase"]
[SourceDate "2007.08.01"]
[SourceVersion "1"]
[SourceVersionDate "2007.08.01"]
[SourceQuality "1"]

1. d4 d5 2. c4 c6 3. Nf3 Nf6 4. Nc3 e6 5. Bg5 h6 6. Bxf6 Qxf6 7. e3 Nd7 8. Qc2
Qd8 (8... g6 {is more common in this system.}) 9. Bd3 Be7 10. O-O O-O {A
typical position: White has a space and development advantage but Black has
the bishop pair and no weaknesses. Which is more important?} 11. Rac1 $146 {
In other games played with this line White sent his rook to d1 anticipating ...
c6-c5:} (11. Rfd1 a6 12. Rac1 f5 $5 {an unexpected plan change!} 13. cxd5 cxd5
{That's the point! The a6 pawn prevents Nc3-b5.} 14. Ne2 Bd6 15. Nf4 Qf6 16. h4
$6 {An attempt to refute Black's plan leading to interesting complications.} (
16. Qa4 $142 {[%cal Rc1c8]} Rd8 17. h3 g5 18. Nh5 Qf7 19. Ng3 $13) 16... g5 17.
hxg5 hxg5 18. Nxg5 Qxg5 19. Nxe6 Qh5 20. Nxf8 Nf6 $1 21. Ng6 Qxg6 22. Qe2 Be6
$17 {0-1 Al Sayed,M-Potkin,V/Moscow 2005/EXT 2006 (52)}) (11. Rad1 a6 $5 (11...
dxc4 12. Bxc4 b5 13. Bd3 Bb7 14. Ne4 Qb6 15. Rc1 Rac8 16. Nc5 Nxc5 17. dxc5 Qc7
18. Nd4 Bf6 19. Be4 Rcd8 20. Rfd1 g6 21. b4 Bg7 22. Nb3 f5 23. Bf3 e5 24. e4
Bc8 25. Na5 f4 26. Qb3+ Kh7 27. h3 $14 {1-0 Petrosian,A-Farago,I/Yerevan 1982/
MCD (52)}) 12. cxd5 exd5 13. Rfe1 Nf6 14. e4 dxe4 15. Bxe4 Nxe4 16. Qxe4 Bd6
17. d5 c5 18. Qd3 Bg4 19. h3 Bh5 20. Re3 b5 21. Rde1 Bf4 22. R3e2 $13 {1-0
Furman,S-Rizzi,D/IECG 2003/Telechess CBM 105 (75)}) 11... dxc4 $6 {[%mdl 32]} (
{Here, too,} 11... a6 $5 {was probably more flexible.}) 12. Bxc4 b5 13. Be2 {
The usual question - to retreat to d3 or e2 - and no simple answer. White
decides to keep the d-file and especially the d3-square open. His knight
coming to d3 will prevent ...c6-c5 - a crucial move in this pawn structure.}
Bb7 14. Ne4 Qa5 (14... Qb6 15. Ne1 $1 {[%csl Rc5][%cal Ye1d3]}) 15. a3 b4 $5 {
Looks logical - Black opens up the position for his bishop pair. However, it
doesn't solve his opening problems as White seizes the c5-square.} 16. axb4
Bxb4 (16... Qxb4 17. Ne1) 17. Ra1 Qb6 18. Rfc1 Rfd8 (18... Rac8 19. Nc5 $1 {
[%csl Ra7]}) (18... Rfc8 19. Nc5 Nxc5 20. dxc5 Qc7 21. Ne1 {[%csl Rb4][%cal
Ye1d3]}) 19. Ne1 e5 {This is what Black hoped for. However, White keeps his
advantage by tactical means.} 20. Nd3 $1 exd4 21. Nxb4 Qxb4 22. Ra4 Qb6 23.
exd4 $14 {[%csl Rb7]} Nf8 24. Qc3 Bc8 25. Nc5 (25. Rb4 $5 Qc7 26. Bf3 (26. Qxc6
Qxc6 27. Rxc6 a5 28. Rbb6 Rxd4) 26... Ne6 27. Ng3 {[%cal Rd4d5,Rf3c6]}) 25...
Rb8 26. b3 Qc7 (26... Ne6 $5 27. Bc4 $1 Nxc5 28. dxc5 Qc7 29. Rca1 $36) 27. Qg3
$6 {This simplification allows Black to free himself.} (27. Bc4 $142 {[%cal
Yc1a1,Yc1e1]} Re8 28. Re1 $1 Re7 29. Raa1 $16) 27... Qxg3 28. hxg3 Ne6 $1 29.
Bc4 Nxd4 30. Rxa7 Be6 31. Nxe6 fxe6 {Black's strong knight is not worse than
White's strong bishop. As for the pawn structure, White's advantage is
insignificant due to his doubled pawns.} 32. Re1 Kh8 33. Re3 c5 34. g4 (34. Rc7
Rdc8 35. Rxc8+ Rxc8 36. Bxe6 Nxe6 37. Rxe6 c4 $11) 34... Rd6 35. g5 (35. Rc7
Rdb6 36. Rxc5 Nxb3) 35... hxg5 36. Rg3 Rdb6 37. Rxg5 R6b7 $1 38. Rxb7 Rxb7 39.
Rxc5 Nxb3 {[%mdl 4096]} 40. Rh5+ Kg8 41. Bxe6+ Kf8 {White has won a pawn but
it is not enough to win the game with 2 pawns vs. 1 on the same side.} 42. Bd5
Rb6 43. Rf5+ Ke8 44. Rf7 Nd4 $1 45. Rxg7 $6 {Apparently a blunder, leading to
an immediate draw.} Ne2+ 46. Kf1 Nc3 $1 47. Rb7 1/2-1/2